SENSATIONAL TRIALS OF CRIME. (Record no. 682964)

MARC details
000 -LEADER
fixed length control field 00499nam a2200181Ia 4500
008 - FIXED-LENGTH DATA ELEMENTS--GENERAL INFORMATION
fixed length control field 100920s9999 xx 000 0 und d
082 ## - DEWEY DECIMAL CLASSIFICATION NUMBER
Item number 24671
Classification number 7 0
100 ## - MAIN ENTRY--PERSONAL NAME
Personal name Gauba K. L.
245 ## - TITLE STATEMENT
Title SENSATIONAL TRIALS OF CRIME.
260 ## - PUBLICATION, DISTRIBUTION, ETC. (IMPRINT)
Name of publisher, distributor, etc Hind Pockets Books (P) Ltd, Delhi.
Date of publication, distribution, etc 0
300 ## - PHYSICAL DESCRIPTION
Extent 158
Other physical details साधी
365 ## - TRADE PRICE
Price amount 3
520 ## - SUMMARY, ETC.
Summary, etc स्टोरी.
630 ## - SUBJECT ADDED ENTRY--UNIFORM TITLE
Uniform title SENSATIONAL TRIALS OF CRIME.
650 ## - SUBJECT ADDED ENTRY--TOPICAL TERM
Topical term or geographic name as entry element स्टोरी.
730 ## - ADDED ENTRY--UNIFORM TITLE
Uniform title SENSATIONAL TRIALS OF CRIME.
942 ## - ADDED ENTRY ELEMENTS (KOHA)
Koha item type Book
Holdings
Withdrawn status Lost status Damaged status Not for loan Home library Current library Shelving location Date acquired Cost, normal purchase price Total Checkouts Barcode Date last seen Price effective from Koha item type Public note
        Shri Chhatrapati Pratapsinh Maharaj ( Thorle) Nagar Vachanalaya, Satara Shri Chhatrapati Pratapsinh Maharaj ( Thorle) Nagar Vachanalaya, Satara     3.00   SATVAC-24671 09/20/2010 09/20/2010 Book देवघेव